000
00409nam a2200145Ia 4500
008
090124s9999 xx 000 0 und d
082
_b
403022
245
_a
डॉ हेडगेवार
250
_a
1
260
_b
सहस्त्रबुध्दे प्र.ग.
300
_a
32
630
_a
डॉ हेडगेवार
730
_a
डॉ हेडगेवार
942
_c
BOOK
999
_c
199485
_d
199485